000 00627nam a2200205 a 4500
001 83509
003 BD-RjUL
005 20240328120715.0
008 240328s1961 enk 1 eng d
035 _a(BD-RjUL)83509
040 _aNUN
_beng
_cNUN
_dVDU
_dBD-RjUL
041 _aeng
082 0 4 _223
_a823.91
_bBEE 1961
100 1 _aBergonzi, Bernard,
_d1929-
_912592
245 1 4 _aThe early H.G.Wells :
_ba study of the scientific romances /
_cBernard Bergonzi.
260 _aManchester :
_bManchester U.P.,
_c1961.
300 _a226 p.;
_c21 cm.
600 1 0 _aWells, H. G.
_q(Herbert George),
_d1866-1946.
_96260
942 _2ddc
_cBK
999 _c83509
_d83509